Normal view
MARC view
Entry Personal Name
001 - CONTROL NUMBER
- control field: 12165
003 - CONTROL NUMBER IDENTIFIER
- control field: BD-RjUL
005 - DATE AND TIME OF LATEST TRANSACTION
- control field: 20240310115235.0
008 - FIXED-LENGTH DATA ELEMENTS
- fixed length control field: 240310|| aca||aabn | a|a d
040 ## - CATALOGING SOURCE
- Original cataloging agency: BD-RjUL
- Transcribing agency: BD-RjUL
100 ## - HEADING--PERSONAL NAME
- Personal name: Islam, Md. Mohsin-ULl, Co-Supervisor
670 ## - SOURCE DATA FOUND
- Source citation: Work cat.: (BD-RjUL)83281: Sultana, Mrs. Rabeya 12163, Accounting the Rural Environment Resources :, 2008